00832cam a2200217 a 450000100100000000500170001000800410002704000240006808200170009210000570010924501120016626000320027830000210031065100490033165100500038091000330043091000070046304900090047095201200047999900150059900000752420240305135409.0800320r1978 ck 000 0aspa d aDO-SdBNPcLCdBNPHU a914.7bG216d1 aGarcía Márquez, Gabriel,b1928-2014d1928-9180410aDe viaje por los países socialistas :b90 días en la "Cortina de hierro" /cGabriel García Márquez. aColombia :bMacondo,c1978. a208 p. ;c18 cm. 4aEuropa OrientalxCondiciones Sociales920886 4aEuropa OrientalxEscripciones Y Viajes920887 aCatalogación derivada / LC aWM aBNGR 001054708MOaGRbGRcHDd2009-09-08iLF1l0o914.7 G216dp7524-10r2020-06-25w2020-06-25y4ZPréstamo en sala c7305d7305